000
00228 a2200097 4500
001
49498
100
_a
Waterton
245
_a
Adventures of Joseph Andrews
260
_a
London
_b
Oxford university press
_c
090
_c
32029
_d
32029
942
_a
NUST-CAE
_c
M
_c
24480
999
_c
284571
_d
284571